| 000 | 00519nam a2200097Ia 4500 | ||
|---|---|---|---|
| 008 | 170517s9999 xx 000 0 und d | ||
| 245 | _aChopin: The Women Behind the Music | ||
| 300 | _aDocumentary about the life of the great pianist and composer Chopin and the story of the women whose voices inspired his music. It is undeniable that Chopin revolutionized the nature of music composed for the piano both technically and... | ||
| 650 | _xArt. | ||
| 856 | _uhttp://topdocumentaryfilms.com/chopin-the-women-behind-the-music/ | ||
| 999 |
_c333121 _d333121 |
||